| 000 | 00700nam a2200217Ia 4500 | ||
|---|---|---|---|
| 001 | 5265 | ||
| 003 | GE_BSU | ||
| 008 | 181216s||||||||xx |||||||||||||| ||und|| | ||
| 040 | _cGE_BSU | ||
| 080 | _a519.17 | ||
| 100 | _aБерж, К. | ||
| 245 | _aТеория графов и ее применения | ||
| 245 | _cПод ред.Вайнштейна И. А. Пер с французского Зыкова А. А. | ||
| 260 | _aМосква | ||
| 260 | _bИзд-во Иностранной литературы | ||
| 260 | _c1962. | ||
| 300 | _a319с.22 см. | ||
| 300 | _eБиблиогр.: стр.308-311 | ||
| 653 | _aТеория графов и ее применения | ||
| 942 | _cBK | ||
| 999 |
_c38855 _d38855 |
||